Anthropology and history

Αποθηκεύτηκε σε:
Λεπτομέρειες βιβλιογραφικής εγγραφής
Κύριος συγγραφέας: Evans-Pritchard, E. E. (Edward Evan), 1902-1973
Μορφή: Βιβλίο
Γλώσσα:English
Δημοσίευση: Manchester : University Press, c1961
Θέματα:
Ετικέτες: Προσθήκη ετικέτας
Δεν υπάρχουν, Καταχωρήστε ετικέτα πρώτοι!

MARC

LEADER 00000cam a2200000 i 4500
001 1/7036
008 000619s1961 eng d
035 |l 10062143 
040 |a GR-MY-UA  |b gre  |e aacr 
041 0 |a eng 
082 0 |a 306 
100 1 |a Evans-Pritchard, E. E.   |q (Edward Evan),   |d 1902-1973. 
245 1 0 |a Anthropology and history /  |c by E. E. Evans-Pritchard 
260 |a Manchester :   |b University Press,   |c c1961 
300 |a 22 p. 
500 |a A lecture delivered in the University of Manchester with the support of the Simon Fund for the Social Sciences 
504 |a Bibliographical references included in "Notes" (p. 22) 
650 0 0 |a Anthropology  |x Methodology. 
852 |a INST  |b LESVOS  |e 20000619  |h 306 EVA  |p 005100021013  |q 005100021013  |t BK  |y 0 
909 |a Λ  |b 034992 
970 |z 2000/06/ΟΙΚΟΝΟΜΟΠΟΥΛΟΥ ΧΡΙΣΤΙΝΑ